Elementi di agricoltura pratica. 2. ed.

Gespeichert in:
Bibliographische Detailangaben
1. Verfasser: Marchi, Giovanni Battista.
Format: Buch
Sprache:Italienisch
Erschienen: Imola Galeati 1896
Katalog:EDISCO:  Suchergebnis im Bibliothekskatalog
Schulbuchspezifische Eigenschaften:
Tags: Tag hinzufügen
Keine Tags, Fügen Sie den ersten Tag hinzu!
Hinzugefügt zu:30.04.2016
Geändert in:18.10.2017

MARC

LEADER 00000aam a22000007 4500
001 03400
003 OSt
005 20171018093808.0
008 160501s1896 it 000 0 ita
040 |c Gianfranco Bandini - Firenze - CLIO 
041 1 |a ita 
100 1 |a Marchi, Giovanni Battista. 
245 0 0 |a Elementi di agricoltura pratica. 2. ed. 
260 |a Imola  |b Galeati  |c 1896 
300 |a IV, 73, 1/x ;  
901 |a 7 
942 |2 ddc  |c BK 
546 |a ita 
999 |c 3389  |d 3389 
999 |c edisco:3389  |d 3389